00410nam a2200121Ia 4500008004100000245010800041260002400149260000900173300000700182650002300189650001200212856006400224170516s9999 xx 000 0 und d aEffect of Ripeness and Drying Process on Sugar and Ethanol Production from Giant Reed (Arundo donax L.) bAIMS Bioengineering c2015 a:2 xMedical Technology xMedtech uhttp://www.aimspress.com/journal/Bioengineering/2015/2.html